Statistics for 2012 Obituaries

Click here to take the quiz!

General Stats

  • This quiz has been taken 3,942 times
  • The average score is 8 of 22

Answer Stats

ClueAgeAnswer% Correct
First man on the moon82Neil Armstrong
98%
Bodyguard actress48Whitney Houston
80%
Supposedly timeless
New Year's host
82Dick Clark
54%
Los Angeles
police brutality victim
47Rodney King
49%
One of the Bee Gees62Robin Gibb
47%
Monkees' singer66Davy Jones
45%
Sheriff of Mayberry86Andy Griffith
41%
Penn State coach85Joe Paterno
40%
Gulf War general called
Stormin' Norman
78Norman
Schwarzkopf
37%
Sitar player92Ravi Shankar
35%
First American woman in space61Sally Ride
34%
Fahrenheit 45191Ray Bradbury
32%
Muscle-bound star of
The Green Mile
54Michael Clarke
Duncan
30%
Possibly the world's most
famous hairdresser
84Vidal Sassoon
29%
Moon River singer84Andy Williams
28%
MacArthur Park disco singer63Donna Summer
24%
60 Minutes correspondent93Mike Wallace
23%
Korean cult leader92Sun Myong Moon
22%
Where the Wild Things Are83Maurice Sendak
20%
Sleepless in Seattle screenwriter71Nora Ephron
19%
1972 Presidential nominee90George McGovern
17%
Blocked nominee to the
Supreme Court
85Robert Bork
13%

Score Distribution

Percentile by Number Answered

Percent of People with Each Score

Your Score History

You have not taken this quiz